Statistics for City by Metro Stations

Click here to take the quiz!

General Stats

  • This quiz has been taken 471 times
    (458 since last reset)
  • The average score is 19 of 30

Answer Stats

Metro StationsCity% Correct
Liverpool Street, Paddington, Kings CrossLondon
98%
Times Square, Grand Central, Central Park NorthNew York
98%
Ueno, Shibuya, ShinjukuTokyo
97%
Marconi, Piramide, ColosseoRome
95%
Templehof, Tiergarten, AlexanderplatzBerlin
87%
Gare du Nord, Victor Hugo, Franklin D. RooseveltParis
82%
Polyanka, Kitay-Gorod, ArbatskayaMoscow
78%
Sadat, Nasser, AttabaCairo
77%
Causeway Bay, Admiralty, KowloonHong Kong
73%
Imam Khomeini, Hasan Abad, MellatTehran
73%
Nieuwmarkt, Weesperplain, SpaklerwagAmsterdam
72%
Diagonal, Sagrada Familia, CatalunyaBarcelona
72%
Yuyuan Garden, Century Avenue, Longyang RdShanghai
69%
Flamengo, Maracana, TriagemRio de Janeiro
67%
Stephansplatz, Volkstheater, SchottenringVienna
64%
Attiki, Omonia, SyntagmaAthens
60%
Southern Cross, Flinders Street, South YarraMelbourne
60%
Shinsaibashi, Namba, UmedaOsaka
57%
Doornfontein, Ellis Park, GeldenhuisJohannesburg
55%
Jackson, Monroe, WashingtonChicago
54%
Shadipur, Ashok Park Main, Barakhamba RdNew Delhi
52%
Mustek, Florenc, Namesti RepublikyPrague
49%
Connolly, Pearse, HeustonDublin
48%
Beekkant, Delacroix, Eddy MerckxBrussels
47%
Sirkeci, Yenikapi, EmniyetIstanbul
45%
Snowdon, Jean-Talon, LaurierMontreal
44%
L'Enfant Plaza, Federal Triangle, Eastern MarketWashington DC
44%
Victory Monument, Rajchathewi, SukhumvitBangkok
43%
San Pedro St, Vernon, Southwest MuseumLos Angeles
36%
Clarke Quay, Dhoby Ghaut, Little IndiaSingapore
31%

Score Distribution

Percentile by Number Answered

Percent of People with Each Score

Your Score History

You have not taken this quiz since the last reset